Every Character Mentioned In Narnia-The Magician's Nephew - Statistics

General Stats
  • This quiz has been taken 5 times
  • The average score is 10 of 14
Answer Stats
Times Mentioned Answer % Correct
153 Andrew Ketterly
100%
82 Aslan
100%
350 Digory Kirke
100%
26 Jadis The White Witch
100%
184 Polly Plummer
100%
3 King Frank
75%
38 Letty Ketterly
75%
2 Mabel
75%
7 Nellie/Queen Helen
75%
68 Strawberry/Fledge
75%
12 Adam
25%
4 Eve
25%
1 Sarah
25%
2 Mrs Lefay
0%
No matching quizzes found
Score Distribution
Percent of People with Each Score
Percentile by Number Answered
Your Score History
You have not taken this quiz